Statistics for Guess The NFL Team By a One or Two Word Clue

Click here to take the quiz!

General Stats

  • This quiz has been taken 77 times
  • The average score is 22 of 32

Answer Stats

HintAnswer% Correct
American BirdsPhiladelphia Eagles
95%
Black catsCarolina Panthers
94%
Gold RushSan Francisco 49ers
84%
Red BirdArizona Cardinals
82%
American RevolutionNew England Patriots
77%
PlanesNew York Jets
77%
More north big peopleNew York Giants
76%
Hunter BirdAtlanta Falcons
74%
BisonBuffalo Bills
74%
polar, brown, black...Chicago Bears
73%
Ocean BirdsSeattle Seahawks
73%
TigersCincinnati Bengals
69%
Kings of the jungleDetroit Lions
69%
PiratesTampa Bay Buccaneers
69%
Powerful SheepLos Angeles Rams
68%
Water mammalsMiami Dolphins
68%
Black birdsBaltimore Ravens
66%
Young Horse or GunIndianapolis Colts
66%
Norse PeopleMinnesota Vikings
66%
Army RoleWashington Commanders
66%
Horses and saloonsDallas Cowboys
65%
Amazon EmployeesGreen Bay Packers
65%
Other jungle catJacksonville Jaguars
65%
Native American LeaderKansas City Chiefs
65%
Holy PeopleNew Orleans Saints
63%
Electric peopleLos Angeles Chargers
61%
HorsesDenver Broncos
60%
Gross colorsCleveland Browns
58%
Name of the state they
play in-s
Houston Texans
58%
Other big peopleTennessee Titans
58%
People that stealLas Vegas Raiders
56%
Metal peoplePittsburgh Steelers
56%

Score Distribution

Percentile by Number Answered

Percent of People with Each Score

Your Score History

You have not taken this quiz